| 000 | 00491nam a2200205Ia 4500 | ||
|---|---|---|---|
| 003 | 0100 | ||
| 008 | 130303s9999 xx 000 0 und d | ||
| 040 | _cARRUPELIB | ||
| 050 | _aBJ1461.E5 1967 | ||
| 245 | 4 | _aThe problem of free will | |
| 245 | _bselected readings | ||
| 260 | _aNew York | ||
| 260 | _bCharles Scribner's Sons | ||
| 260 | _C1967 | ||
| 300 | _axiii | ||
| 300 | _b 315p. 20cm. | ||
| 650 | _bPoets-Biography | ||
| 700 | _aEnteman, Willard F. ed. | ||
| 942 |
_2lcc _01 |
||
| 999 |
_c59431 _d59431 |
||